Endogenous and exogenous factors research of intellectual property in business including social innovation

Na minha lista:
Detalhes bibliográficos
Autor principal: Matušovič, Martin
Autor Corporativo: Ekonomická univerzita v Bratislave. Fakulta podnikového manažmentu
Outros Autores: Gieci, Igor, Karkuš, Ivan
Formato: Livro
Idioma:inglês
Publicado em: Mukařov - Srbín Ľuboš Janica 2016
Edição:1st ed.
Assuntos:
Tags: Adicionar Tag
Sem tags, seja o primeiro a adicionar uma tag!

MARC

LEADER 00000nlm a2200000 4500
001 0228675
005 20240523114739.2
020 |a 978-80-270-1036-3 
041 0 |a eng 
044 |a CZ 
245 1 0 |a Endogenous and exogenous factors research of intellectual property in business including social innovation  |c Martin Matušovič ; the reviewers: Igor Gieci, Ivan Karkuš 
250 |a 1st ed. 
264 1 |a Mukařov - Srbín  |b Ľuboš Janica  |c 2016 
300 |a CD-ROM [80 s., 4,05 AH] 
610 2 0 |a inovácia 
610 2 0 |a inovácie sociálne 
610 2 0 |a financovanie 
610 2 0 |a vlastníctvo duševné 
610 2 0 |a podnikanie 
100 1 |a Matušovič, Martin 
700 1 |a Gieci, Igor 
700 1 |a Karkuš, Ivan 
710 2 |a Ekonomická univerzita v Bratislave. Fakulta podnikového manažmentu